FIFA 23 TOTW 20 - Statistics

General Stats
  • This quiz has been taken 5 times
  • The average score is 10 of 23
Answer Stats
rat pos club player % Correct
TOTW Starter 88 RM Sassuolo Domenico Berardi
100%
TOTW Starter 87 CB Real Madrid Éder Militão
100%
TOTW Reserve 87 ST Celta Vigo Iago Aspas
100%
TOTW Starter 88 ST Lille OSC Jonathan David
100%
TOTW Starter 87 CM Chelsea Mateo Kovačić
100%
TOTW Starter 84 CB Bayern Munich Benjamin Pavard
80%
TOTW Starter 87 RB Southampton Kyle Walker-Peters
80%
TOTW Reserve 85 ST Arsenal Leandro Trossard
60%
TOTW Starter 87 ST RC Lens Loïs Openda
60%
TOTW Starter 86 CM Juventus Adrien Rabiot
40%
TOTW Reserve 83 GK Spezia Bartłomiej Drągowski
40%
TOTW Reserve 83 LM Adelaide United Craig Goodwin
40%
TOTW Starter 84 GK Real Valladolid Sergio Asenjo
40%
TOTW Reserve 84 LW PSV Eindhoven Xavi Simons
40%
TOTW Starter 86 CDM RC Strasbourg Jean-Eudes Aholou
20%
TOTW Reserve 80 RB Stoke City Ki-Jana Hoever
20%
TOTW Starter 87 CM Borussia Dortmund Raphaël Guerreiro
20%
TOTW Reserve 83 LB Beşiktaş Arthur Masuaku
0%
TOTW Reserve 84 CAM Benfica David Neres
0%
TOTW Reserve 85 ST Los Angeles FC Denis Bouanga
0%
TOTW Reserve 81 ST Glasgow Rangers Fashion Zakala
0%
TOTW Reserve 82 ST Cagliari Gianluca Lapadula
0%
TOTW Reserve 80 ST Antalyaspor Haji Wright
0%
No matching quizzes found
Score Distribution
Percent of People with Each Score
Percentile by Number Answered
Your Score History
You have not taken this quiz